01928nam a22002657a 450000500170000001000300001702000260004703500300007303700120010308200140011510000260012924500690015526000490022430000280027350000510030194200280035299900170038095201800039795201870057795201850076495201870094995201820113695201720131895201720149020110829095733.0 aB-442820-824 B-442835-836 c995.00a9789380748153 aB-442820-824 B-442835-836 bRBC/Ven00a305.409541 aKrishna Kumari93460014aThe position of women in Hindu civilization /cby Krishna Kumari aNew Delhi :bMohit Books Internationalc2011 avii, 304p.c22 cm. (Hb) aIncludes bibliographical references and index. 2ddccENh305.40954mKRI c56074d56074 001040708NFICaLbLd2011-09-06eRBC-25814/2011-12/12.7.11/76/4.3.11/18.7.11g995.00l3o305.40954 KRIpB-442820r2025-08-18 00:00:00s2025-08-02t1v995.00w2011-09-06yEN 001040708NFICaBL1bBL1d2011-09-06eRBC-25814/2011-12/12.7.11/76/4.3.11/18.7.11g995.00l3m1o305.40954 KRIpB-442821r2023-07-12 00:00:00s2023-06-26t1v995.00w2011-09-06yEN 001040708NFICaJPbJPd2011-09-06eRBC-25814/2011-12/12.7.11/76/4.3.11/18.7.11g995.00l7m3o305.40954 KRIpB-442822r2026-01-17 00:00:00s2026-01-03t1v995.00w2011-09-06yEN 001040708NFICaZLSbZLSd2011-09-06eRBC-25814/2011-12/12.7.11/76/4.3.11/18.7.11g995.00l2m1o305.40954 KRIpB-442823r2023-06-22 00:00:00s2023-06-16t1v995.00w2011-09-06yEN 001040708NFICaVPbVPd2011-09-06eRBC-25814/2011-12/12.7.11/76/4.3.11/18.7.11g995.00l1o305.40954 KRIpB-442824r2015-01-12 00:00:00s2014-12-30t1v995.00w2011-09-06yEN 001040708NFICaBL3bBL3d2011-09-06eRBC-25814/2011-12/12.7.11/76/4.3.11/18.7.11g995.00l0o305.40954 KRIpB-442835r2011-09-06 00:00:00t1v995.00w2011-09-06yEN 001040708NFICaBL4bBL4d2011-09-06eRBC-25814/2011-12/12.7.11/76/4.3.11/18.7.11g995.00l0o305.40954 KRIpB-442836r2011-09-06 00:00:00t1v995.00w2011-09-06yEN